| 000 | 00629nam a2200133Ia 4500 | ||
|---|---|---|---|
| 008 | 170516s9999 xx 000 0 und d | ||
| 245 | 4 | _aThe objective of the study was to document the distribution of mammographic parenchymal patterns (MPP) of Indigenous Australian women and to profile breast cancer risk as it relates to breast density. A quantitative retrospective analysis reviewed 502 scr | |
| 260 | _bJournal of Medical Radiation Sciences | ||
| 260 | _c2016 | ||
| 300 | _a63:2 | ||
| 650 | _xRadiologic Technology | ||
| 650 | _xRadtech | ||
| 856 | _uhttp://onlinelibrary.wiley.com/doi/10.1111/jmrs.2016.63.issue-2/issuetoc | ||
| 999 |
_c332899 _d332899 |
||